Pozsony Duna részlet, Donau Partie

Zobrazenie: pohľad na Dunaj, v pozadí Bratislavský hrad

Bibliographic Details
Format: Photo
Language:Hungarian
German
PhysicalDescription:1 pohľadnica kolorovaná 9 x 14 cm
Published: Pozsony Duschinsky G. [1919?]
Subjects:

MARC

LEADER 00000nkm a2200000 a 4500
001 vtls001334633
003 SK-MaSNL
005 20260426004419.0
007 kf co
008 231206q1919 xo g 0kuhun
035 |a SNK000287586 
035 |a urn:nbn:sk:snk-km004yt7 
035 |a CB1C9374-2BEA-4949-9A3E-2E0131760375 
035 |a urn:nbn:sk:snk-kmtfr0 
040 |a SNK  |b slo  |c SNK  |e AACR2 
041 0 |a hun  |a ger 
043 |a e-xo--- 
044 |a xo  |c SK 
245 0 0 |a Pozsony  |h grafika  |b Duna részlet, Donau Partie 
246 1 1 |a Pressburg 
260 |a Pozsony  |b Duschinsky G.  |c [1919?] 
300 |a 1 pohľadnica  |b kolorovaná  |c 9 x 14 cm 
520 8 |a Zobrazenie: pohľad na Dunaj, v pozadí Bratislavský hrad 
546 |a Súbežný text v nem. 
651 7 |a Bratislava (Slovensko)  |2 SNKPH  |9 14568 
655 7 |a miestne pohľadnice  |2 SNKPH  |9 70510 
852 |a Slovenská národná knižnica 
958 |a GC 
958 |a GBN 
958 |a ONDV 
999 |c 976569  |d 978499 
952 |t P60, <04>, [BOOK], {604}  |a SNK  |b SNK  |y PREZ  |7 0  |p 17A0143228  |o snkSP 112410  |0 0  |1 0  |4 0  |d 1998-06-17  |f 1  |l 0  |r 2005-01-02 00:00:00  |w 2026-02-24